|
|
|
|
| LEADER |
00783nam a22002172a 4500 |
| 001 |
000104865 |
| 003 |
CZ BrMZK |
| 005 |
19950407143423.0 |
| 008 |
960707s1979 xr f cze d |
| 015 |
|
|
|a cnb000132954
|
| 040 |
|
|
|a BOA001
|b cze
|
| 100 |
1 |
|
|a Malá, Helena,
|d 1935-
|7 jk01073167
|4 trl
|
| 245 |
1 |
0 |
|a Speciální příprava učitelů pro práci s cikánskými školními dětmi /
|c Helena Malá, Jaroslav Suchý
|
| 250 |
|
|
|a 1. vyd.
|
| 260 |
|
|
|a Praha :
|b SPN,
|c 1979
|
| 300 |
|
|
|a 119 s.
|
| 700 |
1 |
|
|a Suchý, Jaroslav,
|d 1926-1975
|7 jk01121732
|
| 910 |
|
|
|a BOA001
|b PK-N-0020.333
|
| 964 |
|
|
|a Děti romské - antropologie vývojová - učebnice - školy vysoké
|
| 990 |
|
|
|a BK
|
| 996 |
7 |
|
|b 3119959248
|c PK-N-0020.333
|l MZK
|r Sklad / do 1 hodiny
|n 17
|w 000104865
|u 000010
|a 1
|e BOA001
|j MZK50
|s A
|